LEADER 00574nab a2200145 i 4500 001 000000263034 003 CaOOAMICUS 005 20051116000000.0 008 051116n xx uu u0 0und r 013 $a4533 040 $aSeMil$bita 245 10$a60. Anniversaire du Débarquement en Normandie :$b6 juin 2004. - Titolo principale dalla copertina. 500 $a4 juillet 2004 (N° 2317). 773 0 $t[2004.$dParis : Bayard, 2004.$w()141393 996 $6245$a60. Anniversaire du Débarquement en Normandie :$b6 juin 2004. - Titolo principale dalla copertina.$9(OLS)http://semarc/title/356307 LEADER 00756nam a2200193 i 4500 001 000000235634 003 CaOOAMICUS 005 20141112000000.0 008 141112s1854 it u000 u ita u 013 $a214538 040 $aSeMil$bita 245 10$aVol. 1. 300 $a336 p. 490 0 $aBiblioteca ecclesiastica ;$vAnno3. vol. 1 773 0 $aAlzog, Johann Baptist <1808-1878>$tStoria universale della Chiesa cristiana.$dTorino : Tipografia e libreria di Speirani e Tortone, 1854-1855.$g1$w()30932 830 0$aBiblioteca ecclesiastica ;$vAnno3. vol. 1.$0(OLS)http://semarc/title/25226 850 $aSeMil 852 $aSeMil$W1$xVenegono$y1$m3B III 27 FA$j185980$B185980$CSeMilBibl$Z2$F196870 $8I 996 $6245$aVol. 1$9(OLS)http://semarc/title/13429